000 00961nam0a22002771 4500
001 rc\2769789
005 20250810043824.0
035 _a(NLR Aleph) 006896180
090 _a7199057
_c7199057
100 _a20110915d1941 u y0rusy50 ca
101 0 _arus
102 _aRU
105 _aa j |||||
200 1 _aУчебник русского языка
_eДля тат. школ Крымск. АССР
_eIII класс
_fО. З. Лычагина, Е. В. Грикян
205 _a2-е изд.
210 _aСимферополь
_cГос. изд-во Крымск. АССР
_d1941
215 _a142, [2] с.
_cил.
_d22 см.
700 1 _aЛычагина
_bО.З.
_gОльга Зиновьевна
701 1 _aГрикян
_bЕ.В.
801 0 _aRU
_bNLR
_gpsbo
801 1 _aRU
_bELAR
_2rusmarc
852 _aNLR
_jЯ60 Г-5/309
942 _cBOOK
945 _aРоссийская национальная библиотека
980 _aNB
980 _aBV